000 01438cas a2200265 a 4500
005 20240316063748.0
006 s|||||o|||| 00| 0
008 991125c2006 cl ar p|o 000 0 spa d
022 _a0718-4360
035 _aUPN01000200803
040 _aMX-MxUPN
_bspa
049 _aREV-E
245 0 0 _aRevista de filosofía.
_h[recurso electrónico en línea]
260 _aSantiago :
_bUniversidad de Chile. Facultad de Filosofía y Humanidades,
_c2006 -
310 _aAnual
506 0 _aAcceso abierto.
510 0 _aHumanities International Complete.
510 0 _aSciELO.
510 0 _aLatindex.
520 _a"La Revista de Filosofía es una revista universitaria de filosofía dirigida a los profesores, estudiantes y estudiosos de la disciplina. Publica artículos originales de investigación por autores nacionales y extranjeros. La revista se interesa en todas las áreas de la filosofía, está abierta a todas las corrientes del pensamiento y no discrimina entre ellas. Ocasionalmente publica homenajes a filósofos distinguidos y obras filosóficas memorables. En todos los números hay una sección de recensiones críticas de libros filosóficos recientes, publicados en castellano o en otros idiomas. La Revista de Filosofía aparece en Noviembre de cada año".
_cRevista de filosofía.
650 4 _aFilosofía
_95327
856 4 _uhttps://revistafilosofia.uchile.cl/
905 _aRevista
942 _cREV-E
999 _c172904
_d172904